000 01461namaa22003251i 4500
003 EG-GICUC
005 20260215142226.0
008 260215s2000 le ||||jr|||| 00| 0 ara d
040 _aEG-GiCUC
_bara
_cEG-GiCUC
_dEG-GiCUC
_erda
082 0 4 _221
_a929.1
_bA871
092 0 4 _221
_a929.1
_bA871
099 _a929.1 A871
100 1 _aابن الاثير، عز الدين،
_d1160-1233
_eمؤلف.
245 1 2 _aاللباب فى تهذيب الأنساب /
_cتأليف عز الدين أبى الحسن على بن محمد بن محمد بن عبد الكريم ابن الاثير الجزري المتوفي سنه 630ه ؛ ضبطه وحقق أصوله عبد اللطيف حسن عبد الرحمن
250 _aالطبعة الاولى
264 _aبيروت (لبنان) :
_bدار الكتب العلمية،
_c2000
300 _a؛ 2 مجلد
_c24 سم
_bإيضاحيات، صور، مثيليات ؛ Illustrations
336 _2rdacontent
_atext
337 _2rdamedia
_aUnmediated
338 _2rdacarrier
_avolume
504 _a.
505 _aالمجلد الاول. أ - س. المجلد الثانى. ش-ي
541 _aد. جابر عصفور ؛
_bالقاهرة ؛
_cإهداء ؛
_d2024.
650 1 7 _aالأنساب، علم
_2qrmak
650 1 7 _aالأنساب العربية
_2qrmak
651 1 _2qrmak
700 1 _aعبد الرحمن، عبد اللطيف حسن
_eمحقق.
905 _aHuda
942 _2ddc
_cBK
_e21
_n0
999 _c178500
_d178500